PRACTICAL PHARMACOGNOSY (Record no. 7302)

MARC details
000 -LEADER
fixed length control field 00325nam a2200145Ia 4500
008 - FIXED-LENGTH DATA ELEMENTS--GENERAL INFORMATION
fixed length control field 150301s2015 xx 000 0 und d
082 ## - DEWEY DECIMAL CLASSIFICATION NUMBER
Classification number 615.321
Item number P09Z
100 ## - MAIN ENTRY--PERSONAL NAME
Personal name ZAFAR, R
245 ## - TITLE STATEMENT
Title PRACTICAL PHARMACOGNOSY
250 ## - EDITION STATEMENT
Edition statement 1ST
260 ## - PUBLICATION, DISTRIBUTION, ETC. (IMPRINT)
Name of publisher, distributor, etc. CBS- DELHI
300 ## - PHYSICAL DESCRIPTION
Extent 140
650 ## - SUBJECT ADDED ENTRY--TOPICAL TERM
Topical term or geographic name as entry element PHARMACEUTICS
942 ## - ADDED ENTRY ELEMENTS (KOHA)
Source of classification or shelving scheme Dewey Decimal Classification
Koha item type Books
Koha issues (borrowed), all copies 3
Holdings
Withdrawn status Lost status Source of classification or shelving scheme Damaged status Not for loan Collection code Home library Current library Date acquired Source of acquisition Cost, normal purchase price SGTU Bill Number Total Checkouts Full call number Barcode Date last seen Date last checked out Bill Date Koha item type
    Dewey Decimal Classification     PHARMACY SGT FA-FP Library SGT FA-FP Library 02/07/2015 ABC-DELHI 95.00 SGTU 5588 1 615.321 P09Z FP1271 07/03/2025 07/03/2025 04/04/2015 Books
    Dewey Decimal Classification     PHARMACY SGT FA-FP Library SGT FA-FP Library 02/07/2015 ABC-DELHI 95.00 SGTU 5588 3 615.321 P09Z FP1272 13/03/2024 13/03/2024 04/04/2015 Books
    Dewey Decimal Classification     PHARMACY SGT FA-FP Library SGT FA-FP Library 02/07/2015 ABC-DELHI 95.00 SGTU 5588   615.321 P09Z FP1273 02/07/2015   04/04/2015 Books
    Dewey Decimal Classification     PHARMACY SGT FA-FP Library SGT FA-FP Library 02/07/2015 ABC-DELHI 95.00 SGTU 5588 1 615.321 P09Z FP1274 30/11/2018 30/11/2018 04/04/2015 Books
    Dewey Decimal Classification     PHARMACY SGT FA-FP Library SGT FA-FP Library 02/07/2015 ABC-DELHI 95.00 SGTU 5588 4 615.321 P09Z FP1275 10/06/2017 07/06/2017 04/04/2015 Books